Kluby w Premier League w sezonie 2024/25 - Statystyki

Ogólne statystyki
  • Ten quiz został rozwiązany 896 razy
  • Średni wynik to 14 z 20
Statystyki odpowiedzi
Klub % Poprawnych
Manchester City
99%
Manchester United
98%
Arsenal Londyn
94%
Liverpool FC
93%
Chelsea Londyn
91%
Tottenham Hotspur
80%
Aston Villa
77%
Everton
64%
Brighton
63%
Wolverhampton
60%
Leicester City
59%
Southampton
59%
Newcastle United
58%
Nottingham
57%
Brentford
55%
West Ham United
55%
Crystal Palace
54%
Fulham
49%
Ipswich Town
48%
AFC Bournemouth
44%
Nie znaleziono quizów pasujących do podanych kryteriów
Rozkład punktacji
Procent ludzi z każdym wynikiem
Percentyl według liczby udzielonych odpowiedzi
Twoja historia wyników
Nie rozwiązałeś tego quizu